000
00412nam a2200145Ia 4500
008
090124s9999 xx 000 0 und d
082
_b
206372
245
_a
ऐसे भी लोग
250
_a
1
260
_b
श्रीवास्तव इकबाल बहादुर
_c
2003
300
_a
151
630
_a
ऐसे भी लोग
730
_a
ऐसे भी लोग
942
_c
BOOK
999
_c
187969
_d
187969